| 000 | 00944nam a2200265Ia 4500 | ||
|---|---|---|---|
| 003 | OSt | ||
| 005 | 20221005104559.0 | ||
| 006 | a|||||r|||| 00| 0 | ||
| 007 | ta | ||
| 008 | 221004b |||||||| |||| 00| 0 hin d | ||
| 020 |
_a9789350642405 (pbk) _cINR 265.00 |
||
| 024 | _a41516 | ||
| 037 |
_b285, 15/02/2019, Eastern Book Linkers _cTextual |
||
| 040 |
_aCRL _cCRL _bhin |
||
| 041 |
_2hin _ahin |
||
| 082 | _aQ22:33, 152Q7 | ||
| 100 | _aपटनायक, देवदत्त, ले. | ||
| 245 | 0 | _aविष्णु के सात रहस्य | |
| 246 | _aViṣhṇu ke sāt rahasya | ||
| 260 |
_aदिल्ली _bराजपाल एन्ड सन्ज भारत _c2017 |
||
| 300 |
_a223पृ0 _ccm. |
||
| 650 | _aधर्म | ||
| 942 |
_hQ22:33, 152Q7 _cTEXL _2cc |
||
| 999 |
_c1013154 _d1013154 |
||